000 00688nam a22001937a 4500
005 2010081808598.0
010 _aENG-100862
020 _a9788190671156
_c80.00
035 _aEN-84395
037 _bDSBAD/PUB
082 _a 510
100 _aManikandan,K M
_914873
245 _aMathematical problems in estimation theory & confidence interval /
_cby K M Manikandan
260 _aCoimbatore
_bRainbow Publications
_c2008
270 _aShree Lakshmi Towers Mettupalayam Road
_bCoimbatore
_e641043
300 _a148p
_c19 cm(pbk)
942 _2ddc
_cEN
_h510
_mMAN
999 _c42453
_d42453